00283nam a2200109Ia 4500008004000000082001800040100002100058245002900079250000500108260005200113300000800165210210b1992 xxu||||| |||| 00| 0 eng d a306.0954 NANS aNANJAMMANNI (M). aStudy of Indian society. a aMangalorebShrathi Printers & Publishers.c1992 a307